000
00230nam a22000977a 4500
008
221128b |||||||| |||| 00| 0 eng d
020
_a
9781421592541
100
_a
Toriiyama Akira
_9
7635
245
_a
Dragonball Super
260
_c
2021
999
_c
12165
_d
12165